Villes d'Italie - Statistiques

Statistiques générales
  • Ce quiz a été pris 2 544 fois
  • Le résultat moyen est 17 sur 50
Statistiques - réponses
Hint Réponse % Correct
1 Rome
100%
2 Milan
96%
3 Naples
92%
11 Venise
92%
4 Turin
91%
8 Florence
90%
5 Palerme
75%
6 Gênes
74%
7 Bologne
66%
12 Vérone
62%
9 Bari
61%
26 Cagliari
51%
19 Parme
50%
10 Catane
46%
15 Trieste
43%
36 Bergame
36%
14 Padoue
34%
28 Rimini
32%
13 Messine
31%
21 Modène
29%
48 Udine
29%
32 Syracuse
28%
17 Brescia
27%
24 Livourne
27%
50 Lecce
26%
45 Ancône
25%
33 Pescara
24%
39 Trente
23%
16 Tarente
22%
23 Pérouse
20%
25 Ravenne
19%
29 Salerne
17%
20 Reggio de Calabre
16%
30 Ferrare
14%
34 Monza
14%
44 Plaisance
13%
43 Bolzano
12%
27 Foggia
12%
18 Prato
12%
31 Sassari
12%
40 Vicence
12%
22 Reggio d'Emilie
11%
42 Novare
9%
37 Forli
8%
35 Latina
8%
49 Cesena
7%
46 Arezzo
6%
41 Terni
6%
47 Andria
4%
38 Giugliano in Campania
3%
Aucun quiz correspondant
Distribution des résultats
% des personnes avec chaque résultat
Percentile par nombre de réponses
Votre historique - résultats
Vous n’avez pas pris ce quiz